[Event "SVK-chT2A 2223"]
[Site "Slovakia"]
[Date "2022.11.13"]
[Round "4.3"]
[White "Sosovicka, Jakub"]
[Black "Kozinka, Roman"]
[Result "1-0"]
[WhiteElo "2082"]
[BlackElo "1937"]
[PlyCount "119"]
[EventDate "2022.10.08"]
[EventType "team-tourn"]
[EventRounds "11"]
[EventCountry "SVK"]
[SourceTitle "EXT 2024"]
[Source "ChessBase"]
[SourceDate "2023.10.10"]
[SourceVersion "1"]
[SourceVersionDate "2023.10.10"]
[SourceQuality "1"]
[WhiteTeam "Krasnany"]
[BlackTeam "Modranka Komplet"]
[WhiteTeamCountry "SVK"]
[BlackTeamCountry "SVK"]

1. e4 e5 2. Nf3 Nf6 3. Nxe5 d6 4. Nf3 Nxe4 5. Nc3 Nxc3 6. dxc3 Be7 7. Be3 Nc6 8. Qd2 Bg4 9. Be2 Qd7 10. 0-0-0 0-0-0 11. Bb5 a6 12. Ba4 b5 13. Bb3 Be6 14. Bd5 Bxd5 15. Qxd5 Bf6 16. Bd4 Bxd4 17. Nxd4 Nb8 18. c4 c6 19. Qf3 bxc4 20. Nf5 Qe6 21. Rhe1 Qf6 22. Qf4 d5 23. Re7 Rd7 24. Rde1 Rf8 25. g4 Kb7 26. Rxd7+ Nxd7 27. Re7 Kc8 28. g5 Qg6 29. Nh4 Qh5 30. Qf5 Rd8 31. Nf3 Qg6 32. Qxf7 Qxf7 33. Rxf7 Rf8 34. Rxf8+ Nxf8 35. Kd2 Kd7 36. Ke3 c5 37. Kf4 Ke6 38. c3 Ng6+ 39. Ke3 Kf5 40. b3 cxb3 41. axb3 a5 42. Nd2 Nf4 43. Kf3 Nh3 44. g6 h5 45. Nf1 Ng5+ 46. Ke2 Ne4 47. Ne3+ Ke6 48. Nd1 Kf6 49. f3 Nd6 50. Ne3 Ke5 51. Kd3 Nf5 52. f4+ Ke6 53. Nd1 Kf6 54. Nb2 Ke6 55. Nd1 Nh4 56. Ne3 Kd6 57. f5 Nf3 58. f6 Ne5+ 59. Ke2 Nxg6 60. fxg7 1-0

[Event "SVK-chT2A 2122"]
[Site "Slovakia"]
[Date "2022.03.26"]
[Round "8.1"]
[White "Sosovicka, Jakub"]
[Black "Takacs, Laszlo"]
[Result "0-1"]
[WhiteElo "2073"]
[BlackElo "2218"]
[PlyCount "66"]
[EventDate "2021.10.16"]
[EventType "team-tourn"]
[EventRounds "11"]
[EventCountry "SVK"]
[SourceTitle "EXT 2023"]
[Source "ChessBase"]
[SourceDate "2022.10.05"]
[SourceVersion "1"]
[SourceVersionDate "2022.10.05"]
[SourceQuality "1"]
[WhiteTeam "Krasnany"]
[BlackTeam "Dunajska Streda II"]
[WhiteTeamCountry "SVK"]
[BlackTeamCountry "SVK"]

1. e4 c5 2. Nf3 d6 3. d4 cxd4 4. Nxd4 Nf6 5. Nc3 g6 6. Be2 Bg7 7. 0-0 0-0 8. Bg5 Nc6 9. Nb3 Be6 10. Kh1 Rc8 11. f4 a6 12. Bf3 Qc7 13. Nd5 Bxd5 14. exd5 Nb8 15. c3 Nbd7 16. a4 h6 17. Bh4 Qc4 18. Na5 Qxf4 19. Bg3 Qg5 20. Nxb7 Nb6 21. Qe2 Nbxd5 22. Qxa6 Ne3 23. Rg1 Nfg4 24. Qb5 Be5 25. Bxg4 Nxg4 26. Rgf1 Rb8 27. Bxe5 Qxe5 28. Qxe5 Nxe5 29. Na5 Rxb2 30. Rf4 Ra8 31. Rb4 Rc2 32. Nc4 Nd3 33. Rb3 Rxa4 0-1

[Event "SVK-chT2A 1920"]
[Site "Slovakia"]
[Date "2020.03.08"]
[Round "11.2"]
[White "Sosovicka, Jakub"]
[Black "Mydlarik, Martin"]
[Result "1/2-1/2"]
[WhiteElo "2109"]
[BlackElo "2089"]
[PlyCount "45"]
[EventDate "2019.10.26"]
[EventType "team-tourn"]
[EventRounds "11"]
[EventCountry "SVK"]
[SourceTitle "CBM 195 Extra"]
[Source "ChessBase"]
[SourceDate "2020.05.31"]
[SourceVersion "1"]
[SourceVersionDate "2020.05.31"]
[SourceQuality "1"]
[WhiteTeam "Krasnany"]
[BlackTeam "Modra II"]
[WhiteTeamCountry "SVK"]
[BlackTeamCountry "SVK"]

1. e4 e6 2. d4 d5 3. Nc3 Bb4 4. e5 c5 5. Bd2 Bxc3 6. bxc3 Ne7 7. Qg4 Nbc6 8. Nf3 Nf5 9. Bd3 0-0 10. Qh3 c4 11. Bxf5 exf5 12. 0-0 Qa5 13. Rfe1 Be6 14. Qh5 Rfe8 15. a4 Ne7 16. Reb1 b6 17. Ng5 h6 18. Nh3 Kh7 19. Rb5 Qa6 20. Ng5+ Kg8 21. Nh3 Kh7 22. Nf4 Rad8 23. Rbb1 1/2-1/2

[Event "SVK-chT2A 1920"]
[Site "Slovakia"]
[Date "2020.01.26"]
[Round "7.1"]
[White "Ruckschloss, Karol"]
[Black "Sosovicka, Jakub"]
[Result "1/2-1/2"]
[WhiteElo "2209"]
[BlackElo "2109"]
[PlyCount "30"]
[EventDate "2019.10.26"]
[EventType "team-tourn"]
[EventRounds "11"]
[EventCountry "SVK"]
[SourceTitle "CBM 194 Extra"]
[Source "ChessBase"]
[SourceDate "2020.03.31"]
[SourceVersion "1"]
[SourceVersionDate "2020.03.31"]
[SourceQuality "1"]
[WhiteTeam "Bratislava Slovan IV"]
[BlackTeam "Krasnany"]
[WhiteTeamCountry "SVK"]
[BlackTeamCountry "SVK"]

1. c4 e6 2. d4 d5 3. Nf3 Nf6 4. Bg5 Be7 5. e3 0-0 6. Nc3 h6 7. Bh4 b6 8. Bd3 Bb7 9. Qc2 Nbd7 10. 0-0 c5 11. Rfd1 Rc8 12. b3 cxd4 13. exd4 Ba6 14. Qe2 dxc4 15. bxc4 Nh5 1/2-1/2

[Event "Tatry op"]
[Site "Tatranske Zruby"]
[Date "2019.09.29"]
[Round "3.17"]
[White "Sosovicka, Jakub"]
[Black "Lyell, Mark"]
[Result "1/2-1/2"]
[WhiteElo "2010"]
[BlackElo "2198"]
[PlyCount "85"]
[EventDate "2019.09.28"]
[EventType "swiss"]
[EventRounds "9"]
[EventCountry "SVK"]
[SourceTitle "EXT 2020"]
[Source "ChessBase"]
[SourceDate "2019.10.17"]
[SourceVersion "1"]
[SourceVersionDate "2019.10.17"]
[SourceQuality "1"]

1. e4 e6 2. d4 d5 3. Nc3 Nf6 4. Bg5 Bb4 5. e5 h6 6. Be3 Ne4 7. Qg4 g6 8. a3 Bxc3+ 9. bxc3 c5 10. Bd3 h5 11. Qf4 g5 12. Qf3 Nxc3 13. dxc5 d4 14. Bd2 Bd7 15. Qg3 h4 16. Qg4 Bc6 17. Bxg5 Rg8 18. Nh3 Qd5 19. 0-0 Nd7 20. f4 Nxc5 21. f5 N3e4 22. Bxe4 Nxe4 23. Rae1 Nxg5 24. Nxg5 Qxg2+ 25. Qxg2 Bxg2 26. Kxg2 Rxg5+ 27. Kh3 Rc8 28. fxe6 fxe6 29. Rf4 Rxc2 30. Rxd4 Rgg2 31. Kxh4 Rxh2+ 32. Kg3 Rhd2 33. Ra4 a6 34. Rb1 Rb2 35. Rc1 Rdc2 36. Rd1 Rc5 37. Rad4 Rxe5 38. Rd8+ Ke7 39. R1d7+ Kf6 40. Rf8+ Kg6 41. Rg8+ Kf5 42. Rf8+ Ke4 43. Rf4+ 1/2-1/2

[Event "Tatry op"]
[Site "Tatranske Zruby"]
[Date "2019.09.28"]
[Round "1"]
[White "Sosovicka, Jakub"]
[Black "Jakab, Bela"]
[Result "0-1"]
[WhiteElo "2010"]
[BlackElo "2255"]
[PlyCount "64"]
[EventDate "2019.09.28"]
[EventType "swiss"]
[EventRounds "9"]
[EventCountry "SVK"]
[SourceTitle "EXT 2020"]
[Source "ChessBase"]
[SourceDate "2019.10.17"]
[SourceVersion "1"]
[SourceVersionDate "2019.10.17"]
[SourceQuality "1"]

1. e4 e6 2. d4 d5 3. Nc3 Bb4 4. e5 Ne7 5. Nf3 c5 6. Bd2 cxd4 7. Nb5 Bxd2+ 8. Qxd2 0-0 9. Nbxd4 Nbc6 10. Bd3 f6 11. Nxc6 Nxc6 12. exf6 Qxf6 13. 0-0-0 e5 14. Bb5 a6 15. Ba4 d4 16. Ng5 h6 17. Bb3+ Kh8 18. Ne4 Qd8 19. h4 Na5 20. Qe2 Nxb3+ 21. axb3 a5 22. Qc4 Bf5 23. f3 Qd7 24. Rhe1 Rfc8 25. Qa4 b5 26. Qa3 b4 27. Qa4 Qc7 28. Re2 Bd7 29. Qa2 a4 30. bxa4 Bxa4 31. Qb1 Bb5 32. Ree1 Ra1 0-1

[Event "SVK-ch U14"]
[Site "Liptovsky Mikulas"]
[Date "2019.04.26"]
[Round "5"]
[White "Sosovicka, Jakub"]
[Black "Krupa, Miroslav"]
[Result "1/2-1/2"]
[WhiteElo "2109"]
[BlackElo "2067"]
[PlyCount "117"]
[EventDate "2019.04.23"]
[EventType "swiss"]
[EventRounds "9"]
[EventCountry "SVK"]
[SourceTitle "CBM 190 Extra"]
[Source "ChessBase"]
[SourceDate "2019.07.15"]
[SourceVersion "1"]
[SourceVersionDate "2019.07.15"]
[SourceQuality "1"]

1. e4 c5 2. Nf3 d6 3. Bb5+ Nd7 4. Ba4 a6 5. c4 Ngf6 6. 0-0 g6 7. Nc3 Bg7 8. d3 0-0 9. h3 b6 10. Be3 Bb7 11. Qd2 Qc7 12. Rab1 Bc6 13. Bxc6 Qxc6 14. b4 e6 15. Rfc1 Rfd8 16. Qc2 Ne8 17. Rb3 Ne5 18. Nxe5 Bxe5 19. Rcb1 Rd7 20. bxc5 bxc5 21. Rb6 Qc8 22. Qb3 Bf6 23. Bh6 Rd8 24. Ne2 Bg7 25. Bxg7 Nxg7 26. Qa4 Qd7 27. Qa3 Qc8 28. Nc3 Nh5 29. g3 Nf6 30. R1b3 Nd7 31. Rb7 Ne5 32. Qa5 Rd7 33. Rxd7 Qxd7 34. Ne2 Qc6 35. f4 Nd7 36. Nc3 Kg7 37. Qa4 Qxa4 38. Nxa4 Rb8 39. Rxb8 Nxb8 40. Nb6 Nc6 41. a3 Ne7 42. Nd7 Nc6 43. e5 dxe5 44. fxe5 Nd4 45. Nxc5 Nf3+ 46. Kf2 Nxe5 47. Nxa6 Nxd3+ 48. Ke3 Ne5 49. Kd4 Kf6 50. a4 Nd7 51. a5 Ke7 52. c5 Nf6 53. Kc4 Kd7 54. Kb5 Nd5 55. Nb4 Nxb4 56. Kxb4 Kc6 57. a6 e5 58. Kc4 f5 59. h4 1/2-1/2

[Event "SVK-ch U14"]
[Site "Liptovsky Mikulas"]
[Date "2019.04.24"]
[Round "3"]
[White "Sosovicka, Jakub"]
[Black "Brnusak, Tomas"]
[Result "1-0"]
[WhiteElo "2109"]
[BlackElo "1961"]
[PlyCount "71"]
[EventDate "2019.04.23"]
[EventType "swiss"]
[EventRounds "9"]
[EventCountry "SVK"]
[SourceTitle "CBM 190 Extra"]
[Source "ChessBase"]
[SourceDate "2019.07.15"]
[SourceVersion "1"]
[SourceVersionDate "2019.07.15"]
[SourceQuality "1"]

1. e4 c5 2. Nf3 e6 3. d4 cxd4 4. Nxd4 Nc6 5. Nc3 Qc7 6. Be3 a6 7. Qf3 Nf6 8. 0-0-0 Bb4 9. Nxc6 bxc6 10. Bd4 Be7 11. Qg3 Qxg3 12. hxg3 c5 13. Be5 0-0 14. f3 Ne8 15. Na4 d6 16. Nb6 Rb8 17. Nxc8 Rxc8 18. Bf4 Rc6 19. Bc4 Nc7 20. Rd3 Rd8 21. Rhd1 g5 22. Be5 Nb5 23. f4 Kf8 24. a4 Nc7 25. Bc3 Na8 26. Rh1 Kg8 27. g4 Nb6 28. Rxh7 e5 29. Rxf7 Nxc4 30. Rxe7 Kf8 31. Ra7 gxf4 32. g3 d5 33. gxf4 exf4 34. Rh3 Rg6 35. Rh8+ Rg8 36. Bg7+ 1-0

[Event "Pardubice Czech op-A 29th"]
[Site "Pardubice"]
[Date "2018.07.21"]
[Round "2"]
[White "Sosovicka, Jakub"]
[Black "Westerinen, Heikki MJ"]
[Result "0-1"]
[WhiteElo "1982"]
[BlackElo "2310"]
[PlyCount "66"]
[EventDate "2018.07.20"]
[EventType "swiss"]
[EventRounds "9"]
[EventCountry "CZE"]
[SourceTitle "CBM 185 Extra"]
[Source "ChessBase"]
[SourceDate "2018.07.29"]
[SourceVersion "1"]
[SourceVersionDate "2018.07.29"]
[SourceQuality "1"]

1. e4 e6 2. d4 d5 3. Nc3 Bb4 4. e5 c5 5. Bd2 Nc6 6. Nb5 Bxd2+ 7. Qxd2 Nxd4 8. Nxd4 cxd4 9. Nf3 Ne7 10. Nxd4 0-0 11. f4 Nc6 12. 0-0-0 Bd7 13. Kb1 f6 14. exf6 Qxf6 15. g3 Rac8 16. Bg2 Qxd4 17. Qxd4 Nxd4 18. Rxd4 g5 19. Rf1 gxf4 20. gxf4 b6 21. f5 Rxf5 22. Rxf5 exf5 23. Rxd5 Be6 24. Rd4 Kf7 25. c3 Rg8 26. Bf3 Rg1+ 27. Kc2 Rf1 28. Bb7 Bxa2 29. Rd7+ Kg6 30. Ba6 Rf2+ 31. Kc1 Bb3 32. Rxa7 Rc2+ 33. Kb1 Rd2 0-1

[Event "Banska Stiavnica V4 op"]
[Site "Banska Stiavnica"]
[Date "2018.07.11"]
[Round "5"]
[White "Balogh, Peter1111"]
[Black "Sosovicka, Jakub"]
[Result "1-0"]
[WhiteElo "2097"]
[BlackElo "1982"]
[PlyCount "85"]
[EventDate "2018.07.07"]
[EventType "swiss"]
[EventRounds "9"]
[EventCountry "SVK"]
[SourceTitle "CBM 185 Extra"]
[Source "ChessBase"]
[SourceDate "2018.07.29"]
[SourceVersion "1"]
[SourceVersionDate "2018.07.29"]
[SourceQuality "1"]

1. e4 c5 2. Nf3 d6 3. d4 cxd4 4. Nxd4 Nf6 5. Nc3 a6 6. f4 e5 7. Nf3 Nbd7 8. a4 Be7 9. Bd3 0-0 10. 0-0 exf4 11. Bxf4 Qb6+ 12. Kh1 Qxb2 13. Nd5 Nxd5 14. exd5 Nf6 15. c4 Qb6 16. Qc2 Bg4 17. Rab1 Qc7 18. Nd4 Rac8 19. Qf2 Rfe8 20. Qg3 Kh8 21. Bg5 Bh5 22. Qh4 Bg6 23. Ne6 Bxd3 24. Nxc7 Rxc7 25. Rfe1 Rxc4 26. Qxc4 Bxc4 27. Bxf6 gxf6 28. Rxb7 Bxd5 29. Rbxe7 Rxe7 30. Rxe7 Bc6 31. Rxf7 Bxa4 32. Rxf6 d5 33. Rxa6 Bc2 34. Kg1 Be4 35. Kf2 Kg7 36. g3 h5 37. h4 Kh7 38. Ke3 Kg7 39. Kf4 Bg2 40. Kg5 Bf3 41. Ra7+ Kg8 42. Ra3 Be2 43. Re3 1-0

[Event "SVK-ch U14"]
[Site "Liptovsky Mikulas"]
[Date "2018.04.22"]
[Round "3"]
[White "Sosovicka, Jakub"]
[Black "Gyerpal, Adrian"]
[Result "1-0"]
[WhiteElo "2105"]
[BlackElo "1976"]
[PlyCount "79"]
[EventDate "2018.04.21"]
[EventType "swiss"]
[EventRounds "9"]
[EventCountry "SVK"]
[SourceTitle "CBM 184 Extra"]
[Source "ChessBase"]
[SourceDate "2018.06.28"]
[SourceVersion "1"]
[SourceVersionDate "2018.06.28"]
[SourceQuality "1"]

1. e4 c5 2. Nf3 Nc6 3. d4 cxd4 4. Nxd4 g6 5. c4 Bg7 6. Be3 Nf6 7. Nc3 Ng4 8. Qxg4 Nxd4 9. Qd1 Ne6 10. Rc1 Qa5 11. Bd3 b6 12. 0-0 Bxc3 13. Rxc3 g5 14. Ra3 Qe5 15. Bd2 Qxb2 16. Rb3 Qg7 17. Bc3 f6 18. e5 0-0 19. exf6 exf6 20. Be4 Rb8 21. Bb4 Rd8 22. Bd6 Bb7 23. Bxb7 Rxb7 24. Qd5 Rbb8 25. Bxb8 Rxb8 26. Rd3 Rf8 27. Qxd7 Qxd7 28. Rxd7 Rf7 29. Rfd1 Nc5 30. Rxf7 Kxf7 31. Rd8 h5 32. g3 Kg6 33. f3 Kf5 34. Kf2 g4 35. Ke3 gxf3 36. Kxf3 Kg5 37. Rd5+ f5 38. Rd6 h4 39. gxh4+ Kxh4 40. Kf4 1-0

[Event "SVK-chT1W 1718"]
[Site "Slovakia"]
[Date "2018.02.18"]
[Round "9.7"]
[White "Sosovicka, Jakub"]
[Black "Kuna, Vladimir"]
[Result "1-0"]
[WhiteElo "2094"]
[BlackElo "1979"]
[PlyCount "53"]
[EventDate "2017.10.21"]
[EventType "team-tourn"]
[EventRounds "11"]
[EventCountry "SVK"]
[SourceTitle "EXT 2019"]
[Source "ChessBase"]
[SourceDate "2018.10.10"]
[SourceVersion "1"]
[SourceVersionDate "2018.10.10"]
[SourceQuality "1"]
[WhiteTeam "Devinska Nova Ves"]
[BlackTeam "Bratislava Slovan II"]
[WhiteTeamCountry "SVK"]
[BlackTeamCountry "SVK"]

1. e4 c5 2. Nf3 d6 3. d4 cxd4 4. Nxd4 Nf6 5. Nc3 a6 6. Nb3 e6 7. g4 Qc7 8. Be3 Nc6 9. g5 Nd7 10. f4 b5 11. Qd2 Bb7 12. 0-0-0 Nb6 13. Qf2 Na4 14. Nxa4 bxa4 15. Bb6 Qc8 16. Nd4 Nb4 17. f5 e5 18. Bb5+ axb5 19. Nxb5 Bxe4 20. Nc7+ Kd7 21. Rhe1 Bxc2 22. f6 g6 23. Qe2 Bxd1 24. Qb5+ Nc6 25. Qc4 Bg4 26. Qxg4+ Kd8 27. Nxa8+ 1-0

[Event "SVK-chT1W 1718"]
[Site "Slovakia"]
[Date "2018.02.17"]
[Round "8.8"]
[White "Sosovicka, Jakub"]
[Black "Cambel, Vladimir"]
[Result "1-0"]
[WhiteElo "2094"]
[BlackElo "2013"]
[PlyCount "51"]
[EventDate "2017.10.21"]
[EventType "team-tourn"]
[EventRounds "11"]
[EventCountry "SVK"]
[SourceTitle "EXT 2019"]
[Source "ChessBase"]
[SourceDate "2018.10.10"]
[SourceVersion "1"]
[SourceVersionDate "2018.10.10"]
[SourceQuality "1"]
[WhiteTeam "Devinska Nova Ves"]
[BlackTeam "Bratislava Slovan III"]
[WhiteTeamCountry "SVK"]
[BlackTeamCountry "SVK"]

1. e4 c5 2. Nf3 d6 3. d4 cxd4 4. Nxd4 Nf6 5. Nc3 g6 6. Be3 Bg7 7. f3 Nc6 8. Qd2 Bd7 9. 0-0-0 0-0 10. g4 Rc8 11. h4 Ne5 12. h5 Nxf3 13. Nxf3 Bxg4 14. Be2 b5 15. hxg6 fxg6 16. Bh6 b4 17. Nd5 Nxe4 18. Qe3 Bxh6 19. Qxh6 Rf7 20. Ng5 Nxg5 21. Bxg4 e6 22. Rdg1 Rc5 23. Bxe6 Nxe6 24. Rxg6+ Kh8 25. Nf6 Rg5 26. Qxh7+ 1-0